000 00388nam a22001577a 4500
003 MPLRDC
005 20220104143711.0
008 210129b ||||| |||| 00| 0 eng d
082 _a947.413 ZBYX v.1
100 _a贞本义行 画
245 _a新世纪福音战士. 一: 使徒来袭
_c
260 _a
_b天下
_c
300 _b
650 _a漫画
942 _cBK
_o947.413 ZBYX v.1
999 _c42485
_d42475